Čo skrývajú nezvyčajné názvy povolaní - HR

Pokračovanie článku o názvoch nezvyčajných povolaní. HR manažér ľudských zdrojov a ich užšie špecializácie. HR consultant, HR generalist, HR director.

Guardado en:
Detalles Bibliográficos
Autor principal: Ševčíková, Kamila
Formato: Capítulo de libro
Lenguaje:eslovaco
Materias:
Etiquetas: Agregar Etiqueta
Sin Etiquetas, Sea el primero en etiquetar este registro!

MARC

LEADER 00000naa a2200000 4500
001 0166799
005 20230912102422.0
041 0 |a slo 
044 |a SK 
245 1 0 |a Čo skrývajú nezvyčajné názvy povolaní - HR  |c Kamila Ševčíková 
520 |a Pokračovanie článku o názvoch nezvyčajných povolaní. HR manažér ľudských zdrojov a ich užšie špecializácie. HR consultant, HR generalist, HR director. 
610 2 0 |a manažment 
610 2 0 |a manažéri 
610 2 0 |a manažment personálny 
610 2 0 |a pracovníci riadiaci 
610 2 0 |a pracovníci odborní 
610 2 0 |a personalisti 
100 1 |a Ševčíková, Kamila